00338 a2200121 450000100060000010000130000624500290001926000270004809000150007594200230009099900190011395200840013211904 aKahin, G aMajor government of Asia abCornell Universityc c9158d9158 aNUST-CAEcMc35998 c246977d246977 001040708NFICaCAEbCAEd2017-04-03l0pCAE49420r2017-04-05w2017-04-05yBK